| 000 | 00705nam a22002417a 4500 | ||
|---|---|---|---|
| 003 | UA-OsUOA | ||
| 001 | 85646 | ||
| 007 | ta | ||
| 008 | 20120706b un ||||| |||| 00| 0 ukr d | ||
| 100 | _aИсаев Б.А. | ||
| 090 |
_a323(470+571) _bИ85 |
||
| 942 | _cBK | ||
| 040 |
_aUA-OsUOA _brus _cUA-OsUOA _dUA-OsUOA |
||
| 245 |
_aПолитические отношения и политический процесс в современной России _bучебное пособие |
||
| 300 | _a395 с. | ||
| 955 | _a2 | ||
| 041 | _arus | ||
| 080 | _a323(470+571) | ||
| 020 | _a978-5-469-01676-2 | ||
| 260 |
_aСПб _bПитер _c2009 |
||
| 650 | 7 |
_a32 Політика _2UDC |
|
| 999 |
_c371956 _d371956 |
||